Stop! Dimentica - Tiziano Ferro - Testo Completo - Statistics

Statistiche generali
  • Questo quiz è stato fatto 81 volte
  • Il punteggio medio è 213 su 288
Statistiche sulle risposte
Risposta % Corretto
di
98%
Stop,
98%
dimentica
95%
Dimentica
95%
dimentica,
95%
me
95%
per
93%
si
90%
un
90%
se
88%
88%
una
88%
Una
88%
Una,
88%
E
85%
è
85%
e
85%
eh
85%
il
85%
perché
85%
perché,
85%
Perché
85%
so,
85%
so
85%
da
83%
non
83%
Non
83%
che
80%
lo
80%
Tutto
80%
tutto
80%
La
78%
la
78%
resto
78%
silenzio
78%
sola
78%
te
78%
parola,
76%
parola
76%
Questo
76%
73%
quindi
73%
Uno
71%
Uno,
71%
uno
71%
neanche
68%
Ti
66%
vale
66%
andrà
63%
ciò
63%
sai
61%
può
59%
dirò
56%
sguardo
56%
rompe
54%
penso
51%
solo
51%
come
49%
giorno
49%
mare
49%
mare)
49%
mondo
49%
questa
49%
tua
49%
mai
46%
prego,
46%
storia
46%
adesso
44%
dire
44%
più
44%
dopo
41%
proprio
41%
grande,
39%
grande
39%
ritorno
39%
senza
39%
spiega
39%
(Spiega
39%
bugia
37%
durare
37%
fermarti
37%
ha
37%
lunga
37%
città
34%
partenza
34%
qualcosa
34%
Sento
34%
dico
32%
detto
29%
affascinante
22%
ogni
22%
Nessun quiz corrispondente trovato
Distribuzione punteggi
Percentuale di utenti per punteggio
Percentile per numero di risposta
I tuoi punteggi nel tempo
Non hai fatto questo quiz